Switzerland Debutants since 2014 - Statistics

General Stats
  • This quiz has been taken 30 times
  • The average score is 18 of 49
Answer Stats
% Correct
2021 Borussia Dortmund GK 23 Gregor Kobel 5
96%
2015 Basel ST 18 Breel Embolo 63 13
91%
2017 Basel CB 21 Manuel Akanji 60 3
87%
2017 Atalanta CM 24 Remo Freuler 67 8
78%
2014 Freiburg GK 24 Roman Burki 9
78%
2019 Augsburg RW 21 Ruben Vargas 43 7
74%
2016 Borussia Monchengladbach CB 19 Nico Elvedi 53 2
65%
2018 RB Leipzig GK 24 Yvon Mvogo 9
65%
2015 Young Boys RW 23 Renato Steffen 39 4
61%
2018 Young Boys RB 23 Kevin Mbabu 24
57%
2015 Augsburg GK 27 Marwin Hitz 2
57%
2018 Young Boys CM 21 Djibril Sow 41
52%
2020 Montpellier GK 26 Jonas Omlin 4
52%
2024 Ludogorets Razgrad ST 27 Kwadwo Duah 1
48%
2019 Young Boys CM 22 Michel Aebischer 20
48%
2014 Udinese RB 21 Silvan Widmer 43 4
48%
2017 Hoffenheim LW 25 Steven Zuber 54 11
48%
2022 Basel RW 21 Dan Ndoye 11
43%
2019 Basel LW 19 Noah Okafor 22 2
43%
2016 Young Boys DM 19 Denis Zakaria 54 3
39%
2016 West Ham United CB 20 Edimilson Fernandes 30 2
39%
2022 Luzern DM 20 Ardon Jashari 2
35%
2018 Young Boys RW 24 Christian Fassnacht 19 4
35%
2024 Toulouse CM 28 Vincent Sierro 3
35%
2022 Basel ST 21 Zeki Amdouni 15 7
35%
2018 Basel ST 21 Albian Ajeti 11 1
30%
2021 Augsburg ST 22 Andi Zeqiri 11
30%
2020 Nice RB 22 Jordan Lotomba 8 1
30%
2014 Toulouse LB 24 Francois Moubandje 21
26%
2022 St. Gallen CB 20 Leonidas Stergiou 3
26%
2018 Young Boys CB 26 Loris Benito 13 1
26%
2019 St. Gallen ST 22 Cedric Itten 12 5
22%
2019 Basel CB 21 Eray Comert 15
22%
2022 Young Boys AM 20 Fabian Rieder 5
22%
2021 Young Boys LB 25 Ulisses Garcia 7
22%
2020 Zurich CB 18 Becir Omeragic 5
17%
2021 Young Boys CB 23 Cedric Zesiger 4
17%
2024 Servette LW 26 Dereck Kutesa 1
13%
2017 Ingolstadt RB 22 Florent Hadergjonaj 1
13%
2015 Basel CM 25 Luca Zuffi 4
13%
2016 Grasshoppers SS 21 Shani Tarashaj 5
13%
2020 Parma CM 19 Simon Sohm 1
13%
2018 Basel ST 20 Dimitri Oberlin 1
9%
2023 Young Boys LM 24 Filip Ugrinic 2
9%
2022 Lugano AM 31 Mattia Bottani 1
9%
2018 Hamburg CB 26 Leo Lacroix 1
4%
2023 Lugano CM 23 Uran Bislimi 2
4%
2021 Servette LM 21 Kastriot Imeri 1
0%
2014 Zurich LM 24 Marco Schonbachler 2
0%
No matching quizzes found
Score Distribution
Percent of People with Each Score
Percentile by Number Answered
Your Score History
You have not taken this quiz